| 000 | 00566nam a22001697a 4500 | ||
|---|---|---|---|
| 003 | MACL | ||
| 005 | 20160727155304.0 | ||
| 008 | 160727b xxu||||| |||| 00| 0 eng d | ||
| 040 | _cMACL | ||
| 041 | _aHindi | ||
| 082 | _a891.433 PAT | ||
| 100 |
_aपाठक, दिनेश _960229 |
||
| 245 |
_a21वी सदी की चुनिन्दा दहेज कथाऍ _cदिनेश पाठक |
||
| 260 |
_aनई दिल्ली _bकिताब घर प्रकाशन _c2013 |
||
| 650 |
_aकथा _965538 |
||
| 942 |
_2ddc _cHIN |
||
| 999 |
_c55149 _d55149 |
||